Telling a different story : teaching and literacy in an urban preschool /

Bibliographic Details
Main Author: Wilson, Catherine (Catherine S.)
Format: Book
Language:English
Published: New York : Teachers College Press, [2000]
Series:Early childhood education series (Teachers College Press)
Subjects:

MARC

Tag First Indicator Second Indicator Subfields
LEADER 00000cam a22000004a 4500
001 in00001554313
005 20151022061821.0
008 990709s2000 nyua b 001 0 eng
010 |a  99039026  
020 |a 0807738999 (cloth : alk. paper) 
020 |a 0807738980 (pbk. : alk. paper) 
035 |a (OCoLC)ocm41924784 
040 |a DLC  |c DLC  |d TXA  |d UtOrBLW 
042 |a pcc 
043 |a n-us--- 
049 |a TXAM 
050 0 0 |a LC5131  |b .W49 2000 
082 0 0 |a 370/.9173/2  |2 21 
100 1 |a Wilson, Catherine  |q (Catherine S.) 
245 1 0 |a Telling a different story :  |b teaching and literacy in an urban preschool /  |c Catherine Wilson ; foreword by Stacie G. Goffin. 
264 1 |a New York :  |b Teachers College Press,  |c [2000] 
264 4 |c ©2000 
300 |a xiv, 105 pages :  |b illustrations ;  |c 25 cm. 
336 |a text  |b txt  |2 rdacontent 
337 |a unmediated  |b n  |2 rdamedia 
338 |a volume  |b nc  |2 rdacarrier 
490 1 |a Early childhood education series 
504 |a Includes bibliographical references (pages 93-100) and index. 
650 0 |a Education, Urban  |z United States  |v Case studies. 
650 0 |a Head Start programs  |z United States  |v Case studies. 
650 0 |a Language arts (Preschool)  |z United States  |v Case studies. 
830 0 |a Early childhood education series (Teachers College Press) 
948 |a cataloged  |b h  |c 2000/7/26  |d c  |e dmitchel  |f 1:08:02 pm 
994 |a E0  |b TXA 
999 |a MARS 
999 f f |s 094c1605-e886-31d6-869f-0e0edaa2713f  |i 377c9706-a08b-3633-bb72-21862b38291e  |t 0 
952 f f |p normal  |a Texas A&M University  |b College Station  |c Sterling C. Evans Library  |d Evans: Library Stacks  |t 0  |e LC5131 .W49 2000  |h Library of Congress classification  |i unmediated -- volume  |m A14826494193 
998 f f |a LC5131 .W49 2000  |t 0  |l Evans: Library Stacks